[Event "Stare Mesto op"]
[Site "Stare Mesto"]
[Date "2017.08.11"]
[Round "1"]
[White "Ludvicek, Josef"]
[Black "Vrana, Frantisek"]
[Result "0-1"]
[WhiteElo "1766"]
[BlackElo "2247"]
[PlyCount "94"]
[EventDate "2017.08.11"]
[EventType "swiss"]
[EventRounds "10"]
[EventCountry "CZE"]
[SourceTitle "CBM 180 Extra"]
[Source "ChessBase"]
[SourceDate "2017.10.06"]
[SourceVersion "1"]
[SourceVersionDate "2017.10.06"]
[SourceQuality "1"]

1. e4 c6 2. f4 d5 3. exd5 cxd5 4. d4 Nc6 5. c3 g6 6. Nf3 Bg7 7. Bb5 Bf5 8. Ne5 Rc8 9. Nd2 e6 10. Nxc6 bxc6 11. Ba6 Rb8 12. 0-0 Qb6 13. Be2 h5 14. Nf3 Nf6 15. b3 Ne4 16. Bb2 h4 17. Ng5 Bf8 18. Nxe4 Bxe4 19. Bd3 Bf5 20. Bxf5 gxf5 21. Rf3 Kd7 22. Qe1 Be7 23. Qe2 Rbg8 24. Rd1 Rg4 25. h3 Rg6 26. Kh1 Rhg8 27. Rg1 a5 28. Qd3 Bd6 29. Bc1 Qb8 30. Bd2 Rg3 31. Rxg3 Rxg3 32. Qf1 Qb5 33. Qxb5 cxb5 34. Be1 Rd3 35. Rf1 Be7 36. Rf2 Rd1 37. Re2 Bd6 38. g3 hxg3 39. Kg2 Bxf4 40. Bxg3 Bh6 41. Be1 Rd3 42. Rc2 f4 43. Bf2 f6 44. c4 dxc4 45. bxc4 b4 46. c5 Kc6 47. Re2 f3+ 0-1

[Event "Stare Mesto op"]
[Site "Stare Mesto"]
[Date "2016.08.05"]
[Round "1"]
[White "Ludvicek, Josef"]
[Black "Cerveny, Martin"]
[Result "0-1"]
[WhiteElo "1870"]
[BlackElo "2380"]
[PlyCount "221"]
[EventDate "2016.08.05"]
[EventType "swiss"]
[EventRounds "10"]
[EventCountry "CZE"]
[SourceTitle "CBM 173 Extra"]
[Source "ChessBase"]
[SourceDate "2016.08.29"]
[SourceVersion "1"]
[SourceVersionDate "2016.08.29"]
[SourceQuality "1"]

1. e4 c5 2. f4 d5 3. Bb5+ Bd7 4. Bxd7+ Qxd7 5. exd5 Nf6 6. c4 e6 7. Qe2 Bd6 8. d3 0-0 9. dxe6 fxe6 10. Nh3 Nc6 11. Be3 Rae8 12. 0-0 e5 13. f5 Nd4 14. Bxd4 exd4 15. Qd1 Qc7 16. Nd2 Bxh2+ 17. Kh1 Re3 18. Rf3 Bd6 19. Rxe3 dxe3 20. Ne4 Qe7 21. Qf3 Nxe4 22. dxe4 Qe5 23. g3 Qxg3 24. Qxg3 Bxg3 25. Kg2 Be5 26. Kf3 g6 27. Kxe3 gxf5 28. exf5 Rxf5 29. Ke4 Rh5 30. Rg1+ Bg7 31. Ng5 h6 32. Nf3 Kf7 33. Rd1 Ke6 34. Rd8 Bxb2 35. Rb8 b6 36. Rb7 Rh1 37. Rxa7 Rc1 38. Nd2 Rc2 39. Kd3 Rc3+ 40. Ke2 Ra3 41. Rb7 Ra6 42. Rh7 Bc1 43. Rxh6+ Kf5 44. Kd1 Bb2 45. Kc2 Bg7 46. Rd6 Rxa2+ 47. Kd3 Rb2 48. Rd5+ Ke6 49. Rd8 Bf6 50. Re8+ Kf5 51. Re1 Bg5 52. Rf1+ Bf4 53. Ne4 Rg2 54. Nd6+ Kg4 55. Nc8 Rb2 56. Rg1+ Bg3 57. Ke4 b5 58. cxb5 Rxb5 59. Kd5 Rb2 60. Nd6 Kf3 61. Ne4 Bf4 62. Rf1+ Ke3 63. Re1+ Kf3 64. Rf1+ Kg4 65. Nxc5 Rd2+ 66. Kc4 Rd6 67. Nd3 Be3 68. Rf7 Rd4+ 69. Kc3 Rd8 70. Ne5+ Kg5 71. Nf3+ Kh5 72. Rf5+ Kg4 73. Rf7 Bf4 74. Ng1 Re8 75. Kd3 Re3+ 76. Kd4 Re1 77. Rg7+ Kf5 78. Rg8 Be3+ 79. Kd3 Bxg1 80. Rf8+ Kg4 81. Rg8+ Kf3 82. Rf8+ Kg2 83. Rg8+ Kf1 84. Rf8+ Bf2 85. Kd2 Re6 86. Kd3 Rd6+ 87. Ke4 Ke2 88. Re8 Be3 89. Ke5 Ra6 90. Ke4 Ra4+ 91. Kd5 Kd3 92. Rg8 Ra5+ 93. Kc6 Kc4 94. Rg4+ Bd4 95. Rg2 Ra6+ 96. Kb7 Re6 97. Rc2+ Kb5 98. Kc7 Bc5 99. Rb2+ Bb4 100. Kd7 Re7+ 101. Kd8 Rh7 102. Ke8 Kc4 103. Rc2+ Kd5 104. Rc1 Rb7 105. Kd8 Bd6 106. Rd1+ Ke6 107. Re1+ Be5 108. Rc1 Rb2 109. Rc6+ Bd6 110. Rc7 Ke5 111. Rc6 0-1

[Event "Stare Mesto op"]
[Site "Stare Mesto"]
[Date "2015.08.19"]
[Round "7"]
[White "Ludvicek, Josef"]
[Black "Stepan, Patrik"]
[Result "1-0"]
[WhiteElo "1872"]
[BlackElo "2045"]
[PlyCount "99"]
[EventDate "2015.08.14"]
[EventType "swiss"]
[EventRounds "10"]
[EventCountry "CZE"]
[SourceTitle "EXT 2016"]
[Source "ChessBase"]
[SourceDate "2015.10.08"]
[SourceVersion "1"]
[SourceVersionDate "2015.10.08"]
[SourceQuality "1"]

1. e4 c5 2. f4 e6 3. Nf3 d5 4. Bb5+ Bd7 5. Bxd7+ Nxd7 6. exd5 exd5 7. 0-0 Bd6 8. d3 Ne7 9. b3 0-0 10. Nc3 a6 11. a4 b6 12. Ne2 Qc7 13. Nh4 Rae8 14. Kh1 f5 15. Bd2 Rf6 16. g3 Qb7 17. Ng1 d4+ 18. Qf3 Qxf3+ 19. Ngxf3 h6 20. Rae1 g6 21. c3 dxc3 22. Bxc3 Rff8 23. Re6 Bc7 24. Rfe1 Kf7 25. Rxe7+ Rxe7 26. Rxe7+ Kxe7 27. Nxg6+ Kf7 28. Nxf8 Nxf8 29. Nh4 Ke6 30. Bg7 Nd7 31. Bxh6 Nf6 32. Kg2 Nd5 33. Kf3 Nb4 34. Ke3 Nc2+ 35. Kd2 Nd4 36. Kc3 b5 37. axb5 axb5 38. Bg7 Ba5+ 39. Kb2 Kd5 40. Bxd4 Kxd4 41. Kc2 Ke3 42. Nxf5+ Kf3 43. Nd6 Kg2 44. f5 Bd8 45. Nxb5 Kxh2 46. Kc3 Kxg3 47. Kc4 Kf4 48. Nd6 Be7 49. Kxc5 Ke5 50. d4+ 1-0

[Event "Stare Mesto op"]
[Site "Stare Mesto"]
[Date "2015.08.16"]
[Round "4"]
[White "Ludvicek, Josef"]
[Black "Vrana, Frantisek"]
[Result "1/2-1/2"]
[WhiteElo "1872"]
[BlackElo "2228"]
[PlyCount "145"]
[EventDate "2015.08.14"]
[EventType "swiss"]
[EventRounds "10"]
[EventCountry "CZE"]
[SourceTitle "EXT 2016"]
[Source "ChessBase"]
[SourceDate "2015.10.08"]
[SourceVersion "1"]
[SourceVersionDate "2015.10.08"]
[SourceQuality "1"]

1. e4 g6 2. f4 c6 3. d4 d5 4. exd5 cxd5 5. Nf3 Bf5 6. c3 Nc6 7. Ne5 Nf6 8. Nd2 Bg7 9. Bb5 Qb6 10. Qa4 Rc8 11. Ndf3 0-0 12. Nxc6 bxc6 13. Ba6 Rcd8 14. 0-0 c5 15. dxc5 Qxc5+ 16. Qd4 Qa5 17. Be2 Ne4 18. Qe3 Bg4 19. Nd4 Bxd4 20. cxd4 Bxe2 21. Qxe2 f5 22. Be3 Rc8 23. Rfc1 Rxc1+ 24. Bxc1 Rc8 25. Be3 Qa4 26. b3 Qb4 27. g4 e6 28. gxf5 exf5 29. Rc1 Rxc1+ 30. Bxc1 Qxd4+ 31. Be3 Nc3 32. Qe1 Qg7 33. Bc5 Ne4 34. Qd1 Qb7 35. Bd4 Kf7 36. Qe1 Qc7 37. Be3 a6 38. Qd1 Nc3 39. Qd3 Qc6 40. a3 Ke6 41. Bd4 Ne4 42. Kg2 Qb5 43. Qd1 Qa5 44. Qc1 Qd2+ 45. Qxd2 Nxd2 46. b4 Kd6 47. Kf2 Kc6 48. Ke2 Ne4 49. a4 g5 50. fxg5 Nxg5 51. Be3 Ne6 52. Kd3 Kd6 53. Ba7 Ng5 54. Ke3 Ne4 55. Kf4 Ke6 56. Bd4 Nd6 57. Kg5 Nf7+ 58. Kf4 Nd8 59. b5 axb5 60. axb5 Nb7 61. Be5 Nc5 62. Bd4 Nb3 63. Bf2 Na5 64. h4 Nb7 65. h5 Nd6 66. b6 Kd7 67. Bc5 Kc6 68. Bd4 Nb5 69. Bc5 Nd6 70. Bxd6 Kxd6 71. Kxf5 Kc6 72. Ke5 Kxb6 73. Kxd5 1/2-1/2

[Event "Ostrava Seniors op"]
[Site "Ostrava"]
[Date "2014.04.30"]
[Round "5"]
[White "Chlevistan, Jaromir"]
[Black "Ludvicek, Josef"]
[Result "1/2-1/2"]
[WhiteElo "1581"]
[BlackElo "1867"]
[PlyCount "83"]
[EventDate "2014.04.26"]
[EventType "swiss"]
[EventRounds "9"]
[EventCountry "CZE"]
[SourceTitle "CBM 160 Extra"]
[Source "ChessBase"]
[SourceDate "2014.07.01"]
[SourceVersion "1"]
[SourceVersionDate "2014.07.01"]
[SourceQuality "1"]

1. d4 d5 2. Nf3 c6 3. e3 Nf6 4. c4 Bf5 5. Nc3 e6 6. h3 h6 7. a3 Bd6 8. Bd3 dxc4 9. Bxc4 0-0 10. 0-0 Nbd7 11. Bd3 Bh7 12. Bxh7+ Nxh7 13. b3 a5 14. Bb2 Qe7 15. Re1 Rfd8 16. Qe2 Ng5 17. Nxg5 hxg5 18. Ne4 Bc7 19. Qh5 f6 20. a4 Qf7 21. Qxf7+ Kxf7 22. Red1 Rab8 23. Rac1 Rh8 24. Nc5 Nb6 25. e4 Rhd8 26. g3 g6 27. Kg2 Nd7 28. Nxd7 Rxd7 29. Rc2 Rbd8 30. Rcd2 e5 31. Bc3 exd4 32. Rxd4 Rxd4 33. Rxd4 Rxd4 34. Bxd4 Ke6 35. Kf3 Bd8 36. Ke2 Kd6 37. Kd3 f5 38. f3 Ke6 39. g4 Bc7 40. Be3 Bd8 41. Bd4 Bc7 42. Be3 1/2-1/2

[Event "Slovacky op"]
[Site "Stare Mesto"]
[Date "2011.04.29"]
[Round "1.5"]
[White "Kapusta, Petr"]
[Black "Ludvicek, Josef"]
[Result "1-0"]
[WhiteElo "2172"]
[BlackElo "1923"]
[PlyCount "71"]
[EventDate "2011.04.29"]
[EventType "swiss"]
[EventRounds "8"]
[EventCountry "CZE"]
[SourceTitle "EXT 2012"]
[Source "ChessBase"]
[SourceDate "2011.11.24"]
[SourceVersion "1"]
[SourceVersionDate "2011.11.24"]
[SourceQuality "1"]

1. e4 e6 2. d4 c5 3. Nf3 cxd4 4. Nxd4 Qb6 5. a4 Nc6 6. Nb3 Nf6 7. Be3 Qc7 8. Bd3 Ne5 9. h3 b6 10. 0-0 Nxd3 11. Qxd3 Bb7 12. Nc3 Be7 13. Nd4 0-0 14. f4 Bb4 15. Ncb5 Qb8 16. e5 Be4 17. Qe2 Nd5 18. Bd2 Bxd2 19. Qxd2 f6 20. Nd6 Bg6 21. c4 Ne7 22. b4 fxe5 23. fxe5 Rxf1+ 24. Rxf1 Qc7 25. Qg5 Nc6 26. Nxc6 dxc6 27. h4 Rf8 28. Rxf8+ Kxf8 29. h5 Bf7 30. h6 gxh6 31. Qxh6+ Kg8 32. Ne4 Bg6 33. Nf6+ Kf7 34. Nxh7 Qd8 35. Ng5+ Ke7 36. Qg7+ 1-0

[Event "Stare Mesto op"]
[Site "Stare Mesto"]
[Date "2006.08.11"]
[Round "1"]
[White "Ludvicek, Josef"]
[Black "Lahner, Jakub"]
[Result "0-1"]
[WhiteElo "1967"]
[BlackElo "2321"]
[PlyCount "52"]
[EventDate "2006.08.11"]
[EventType "swiss"]
[EventRounds "10"]
[EventCountry "CZE"]
[SourceTitle "CBM 113 Extra"]
[Source "ChessBase"]
[SourceDate "2006.09.14"]
[SourceVersion "1"]
[SourceVersionDate "2006.09.14"]
[SourceQuality "1"]

1. e4 c5 2. Nc3 a6 3. a4 Nc6 4. f4 e6 5. Bc4 Nge7 6. e5 Ng6 7. d3 d6 8. exd6 Bxd6 9. Nge2 Qh4+ 10. g3 Qh3 11. Ne4 Be7 12. Kf2 e5 13. Ng5 Bxg5 14. fxg5 Be6 15. Qf1 Qh5 16. c3 0-0 17. Qg2 Bxc4 18. dxc4 f5 19. gxf6 Rxf6+ 20. Ke1 Qg4 21. Qd5+ Kh8 22. Be3 e4 23. Qxc5 Nce5 24. Kd2 Rc8 25. Qa7 Nxc4+ 26. Ke1 Qf3 0-1